Panstwa Pod Wzgledem Liczby Ludnosci - Statystyki

Ogólne statystyki
  • Ten quiz został rozwiązany 112 razy
    85 od ostatniego zresetowania
  • Średni wynik to 34 z 45
Statystyki odpowiedzi
Hint Odpowiedź % Poprawnych
1 401 492 920 Chiny
97%
329 345 637 Usa
97%
83 149 300 Niemcy
96%
211 173 432 Brazylia
95%
38 386 000 Polska
95%
1 359 072 550 Indie
94%
67 064 000 Francja
92%
146 780 720 Rosja
92%
126 577 691 Meksyk
91%
47 100 396 Hiszpania
90%
126 010 000 Japonia
90%
37 935 814 Kanada
90%
44 938 712 Argentyna
86%
266 911 900 Indonezja
86%
60 247 214 Wlochy
86%
100 052 943 Egipt
84%
83 154 997 Turcja
84%
66 435 600 Wielka Brytania
84%
83 230 120 Iran
83%
41 902 416 Ukraina
83%
51 780 579 Korea Południowa
81%
218 741 520 Pakistan
81%
58 775 022 RPA
81%
43 352 240 Algieria
78%
39 127 900 Irak
78%
86 790 567 Demokratyczna Republika Konga
77%
200 963 599 Nigeria
77%
66 474 267 Tajlandia
77%
34 218 169 Arabia Saudyjska
75%
49 395 678 Kolumbia
75%
108 323 702 Filipiny
73%
96 208 984 Wietnam
73%
168 163 758 Bangladesz
71%
98 665 000 Etiopia
68%
35 821 024 Maroko
65%
32 225 560 Afganistan
64%
42 295 645 Sudan
62%
54 339 766 Mjanma
61%
32 219 521 Wenezuela
61%
47 564 296 Kenia
58%
32 700 760 Malezja
58%
55 890 747 Tanzania
55%
34 034 952 Uzbekistan
42%
40 299 300 Uganda
39%
55 977 178 Anglia
16%
Nie znaleziono quizów pasujących do podanych kryteriów
Rozkład punktacji
Procent ludzi z każdym wynikiem
Percentyl według liczby udzielonych odpowiedzi
Twoja historia wyników
Nie rozwiązałeś tego quizu od ostatniego zresetowania